LEADER 01195nam a2200301 i 4500 001 000000150507 003 CaOOAMICUS 005 20141113000000.0 008 141113s2012 it u000 u ita u 013 $a127845 020 $a978-88-8057-445-3 040 $aSeMil$bita 100 1 $aKaniuk, Yoram.$0(OLS)http://semarc/name/59351 240 10$aTashach.$0(OLS)http://semarc/title/220078 245 10$a1948 /$cYoram Kaniuk ; traduzione di Elena Loewenthal. 260 $aFirenze :$bGiuntina,$c2012. 300 $a180 p. ;$c21 cm. 490 0 $aIsraeliana 650 4$aIsraele - Sec. 20.$0(OLS)http://semarc/subject/29422 650 4$aIsraele - Storia.$0(OLS)http://semarc/subject/14963 700 1 $aLoewenthal, Elena,$d<1960- >.$0(OLS)http://semarc/name/4577 830 0$aIsraeliana.$0(OLS)http://semarc/title/42126 850 $aSeMil 852 $aSeMil$W1$xVenegono$y1$m3V I 8$j102645$B102645$CSeMilBibl$Z2$F111501 $81 961 $aLascito: Serenthà don Mario 996 $6020$a978-88-8057-445-3$9(OLS)http://semarc/number/139969 996 $6245$a1948$9(OLS)http://semarc/title/220077 996 $6260$aFirenze :$bGiuntina$9(OLS)http://semarc/publisher/31954 LEADER 01263nam a2200277 i 4500 001 000000164684 003 CaOOAMICUS 005 20240521165814.0 008 070924s1981 fr u000 u fre u 020 $a2-13-036794-1 040 $aSeMil$bita 100 1 $aEscarpit, Denise.$0(OLS)http://semarc/name/62210 245 13$aLa littérature d'enfance et de jeunesse en Europe :$bpanorama historique /$cDenise Escarpit. 264 1$aParis :$bPresses Universitaires de France,$c1981. 300 $a127 p. ;$c18 cm. 490 1 $aQue sais-je? : collection encyclopédique ;$v1881 650 4$aLetteratura per ragazzi.$0(OLS)http://semarc/subject/20895 650 4$aLetteratura per bambini.$0(OLS)http://semarc/subject/51238 830 0$aQue sais-je? ;$v1881.$0(OLS)http://semarc/title/19846 850 $aSeMil 852 $aSeMil$W1$xVenegono$y1$m1R I 143$j248442$B115913$CSeMilBibl$Z2$F126729 $81 961 $aRecupero: Altro 996 $6020$a2-13-036794-1$9(OLS)http://semarc/number/150970 996 $6245$aLa littérature d'enfance et de jeunesse en Europe :$bpanorama historique$9(OLS)http://semarc/title/234986 996 $6264$aParis :$bPresses Universitaires de France$9(OLS)http://semarc/publisher/30047 LEADER 01223nam a2200301 i 4500 001 000000175263 003 CaOOAMICUS 005 20081117000000.0 008 081117s2008 it u000 u ita u 013 $a152740 020 $a978-88-8155-427-0 040 $aSeMil$bita 100 1 $aCavalleri, Cesare,$d<1936-2022>.$0(OLS)http://semarc/name/24411 245 10$aPersone & Parole n. 4 /$cCesare Cavalleri ; Prefazione di Dino Boffo. 260 $aMilano :$bAres,$ccopyr. 2008. 300 $a222 p. ;$c21 cm. 490 0 $aFaretra : riflessioni su temi fondamentali ;$v64 500 $aDono del card. Dionigi Tettamanzi. 650 4$aCavalleri Cesare <1936-2022> - Opere.$0(OLS)http://semarc/subject/11157 700 1 $aBoffo, Dino.$0(OLS)http://semarc/name/64687 830 0$aFaretra ;$v64.$0(OLS)http://semarc/title/13588 850 $aSeMil 852 $aSeMil$W1$xVenegono$y1$m3N II 399/B$j126086$B126086$CSeMilBibl$Z2$F138529 $81 941 1 $a5 961 $aOmaggio: Tettamanzi Card. Dionigi 996 $6020$a978-88-8155-427-0$9(OLS)http://semarc/number/163468 996 $6245$aPersone & Parole n. 4$9(OLS)http://semarc/title/251340 996 $6260$aMilano :$bAres$9(OLS)http://semarc/publisher/30250 LEADER 00399naa a2200133 i 4500 001 000000319502 003 CaOOAMICUS 005 20180831173308.0 008 180831n xx u000 u fre u 013 $a29270 040 $aSeMil$bita 245 13$aLa catechese des adultes. 650 4$aCatechesi [per] adulti.$0(OLS)http://semarc/subject/3455 996 $6245$aLa catechese des adultes$9(OLS)http://semarc/title/393257 LEADER 01355nam a2200301 4500 001 000000363796 003 CaOOAMICUS 005 20250805083559.0 008 250804s2004 it 000 u ita r 020 $a88-339-1556-5 040 $aSeMil$bita 100 1 $aArendt, Hannah,$d<1906-1975>.$0(OLS)http://semarc/name/5933 240 10$aBetween past and future.$0(OLS)http://semarc/title/193121 245 10$aVerità e politica /$cHannah Arendt ; seguito da La conquista dello spazio e la statura dell'uomo ; a cura di Vincenzo Sorrentino. 264 1$aTorino :$bBollati Boringhieri,$c2004. 300 $a99 p. ;$c20 cm 490 1 $aTemi ;$v143 501 $aLa conquista dello spazio e la statura dell'uomo / Hannah Arendt 650 4$aFilosofia politica.$0(OLS)http://semarc/subject/358 700 1 $aSorrentino, Vincenzo,$d<1964- >.$0(OLS)http://semarc/name/34602 830 0$aTemi ;$v143.$0(OLS)http://semarc/title/437863 850 $aSeMil 852 $aSeMil$W1$xVenegono$y1$m2G I 19$j260441$B254653$CSeMilBibl$Z2$F254653 $81 961 $aSequeri mons. Pierangelo - Omaggio 996 $6020$a88-339-1556-5$9(OLS)http://semarc/number/303807 996 $6245$aVerità e politica$9(OLS)http://semarc/title/455112 996 $6264$aTorino :$bBollati Boringhieri$9(OLS)http://semarc/publisher/31556 LEADER 01045nam a2200253 i 4500 001 000000045251 003 CaOOAMICUS 005 20091026000000.0 008 091026s1969 it u000 u ita u 013 $a16421 040 $aSeMil$bita 100 1 $aKüng, Hans,$d<1928-2021>.$0(OLS)http://semarc/name/175 240 14$aDie Kirche.$0(OLS)http://semarc/title/67228 245 13$aLa Chiesa /$cHans Küng ; [trad. di Marco Corradi e Carmine Benincasa]. 260 $aBrescia :$bQueriniana,$c1969. 300 $aXII, 590 p. ;$c23 cm. 490 0 $aBiblioteca di teologia contemporanea ;$v3 650 4$aEcclesiologia.$0(OLS)http://semarc/subject/42996 700 1 $aBenincasa, Carmine.$0(OLS)http://semarc/name/3105 830 0$aBiblioteca di teologia contemporanea ;$v3.$0(OLS)http://semarc/title/14 850 $aSeMil 852 $aSeMil$W1$xVenegono$y1$m2BA M 3$j11406$B11406$CSeMilBibl$Z2$F11406 $81 996 $6245$aLa Chiesa$9(OLS)http://semarc/title/422000 996 $6260$aBrescia :$bQueriniana$9(OLS)http://semarc/publisher/29615 LEADER 01319nam a2200229 i 4500 001 000000060614 003 CaOOAMICUS 005 20140515000000.0 008 140515s1911 xx u000 u lat u 013 $a31786 040 $aSeMil$bita 245 10$aConcordantia ad quatuor libros latine scriptos de Imitatione Christi editos A.D. 1491 a Thoma Kempensi /$cQuam elaboravit verba verbis singulis singula que connexa sunt semper adjiciendo Rayner Storr ; Altera Editio cum Praefatione latine reddita a R. P. Joseph Rickaby , Oxon. 260 $a[S.l.] :$bApud Henricum Frowde e Typographeo Universitatis Oxoniensis,$c1911. 300 $aXVI, 599 p. ;$c23 cm. 500 $aIn mezzo al front : Una vox librorum sed non omnes aeque informat. 650 4$aDe imitatione Christi.$0(OLS)http://semarc/subject/4776 700 1 $aRickaby, Joseph .$0(OLS)http://semarc/name/30823 700 1 $aStorr, Rayner.$0(OLS)http://semarc/name/30822 850 $aSeMil 852 $aSeMil$W1$xVenegono$y1$m2K III 121$j26767$B26767$CSeMilBibl$Z2$F26770 $81 996 $6245$aConcordantia ad quatuor libros latine scriptos de Imitatione Christi editos A.D. 1491 a Thoma Kempensi$9(OLS)http://semarc/title/95049 996 $6260$a[S.l.] :$bApud Henricum Frowde e Typographeo Universitatis Oxoniensis$9(OLS)http://semarc/publisher/42216 LEADER 00889nam a2200241 i 4500 001 000000063158 003 CaOOAMICUS 005 20090307000000.0 008 090307s1957 xx u000 u fre u 013 $a34330 040 $aSeMil$bita 100 1 $aMéautis, Georges.$0(OLS)http://semarc/name/31927 245 10$aSophocle :$bessai sur le Héros tragique /$cGeorges Meautis. 260 $aParis :$bA. Michel,$ccopyr. 1957. 300 $a291 p. ;$c22 cm. 500 $aFondo Ciprandi. 600 04$aSofocle <496-406 a.C.>.$0(OLS)http://semarc/subject/6664 850 $aSeMil 852 $aSeMil$W1$xVenegono$y1$m1X II 258$j237902$B29311$CSeMilBibl$Z2$F29314 $81 941 1 $a1 961 $aOmaggio: Ciprandi dott. Paolo 996 $6245$aSophocle :$bessai sur le Héros tragique$9(OLS)http://semarc/title/99620 996 $6260$aParis :$bA. Michel$9(OLS)http://semarc/publisher/33753 LEADER 00808nam a2200217 i 4500 001 000000201412 003 CaOOAMICUS 005 20110429000000.0 008 110429n it u000 u ita u 013 $a180113 040 $aSeMil$bita 100 1 $aChiodi, Mario.$0(OLS)http://semarc/name/39043 245 13$aIl mistero di Gesù rivelatore del Padre /$cMario Chiodi. 260 $a[S.l. :$bs.n.],$c[1981] 300 $a88 p. ;$c21 cm. 650 4$aGesù Cristo - Misteri.$0(OLS)http://semarc/subject/4188 850 $aSeMil 852 $aSeMil$W1$xVenegono$y1$m5B III 13/15$j151938$B151938$CSeMilBibl$Z2$F163091 $81 961 $aOmaggio: Altro 996 $6245$aIl mistero di Gesù rivelatore del Padre$9(OLS)http://semarc/title/291450 996 $6260$a[S.l. :$bs.n.]$9(OLS)http://semarc/publisher/29751